00258nam a2200097Ia 4500001000800000005001700008008004100025020001800066245005400084260002200138127668120260417160452.0260417s9999 xx 000 0 und d a9789756451250 0aIşıklı AyakkabılarcFerda İzbudak Akıncı bTudem Yayınları